Implementasi hukuman sebat di Bandar Bireuen, Nanggroe Aceh Darussalam, Indonesia /
Saved in:
| 主要作者: | |
|---|---|
| 格式: | Thesis 图书 |
| 语言: | Malay |
| 出版: |
2013.
|
| 主题: | |
| 在线阅读: | http://studentsrepo.um.edu.my/id/eprint/5071 |
| 标签: |
添加标签
没有标签, 成为第一个标记此记录!
|
| LEADER | 01768cam a2200397 i 4500 | ||
|---|---|---|---|
| 001 | u892415 | ||
| 003 | SIRSI | ||
| 005 | 201311141151 | ||
| 008 | 131114s2013 my a t 000 0 may m | ||
| 040 | |a UMA |d UMM |d AUM |e rda | ||
| 043 | |a a-io--- | ||
| 090 | |a BP42 |b A1 UM 2013 Rit | ||
| 094 | |a BP42 |b A1 UM 2013 Rit | ||
| 100 | 1 | |a Ritonga, Hasir Budiman |e author. | |
| 245 | 1 | 0 | |a Implementasi hukuman sebat di Bandar Bireuen, Nanggroe Aceh Darussalam, Indonesia / |c Hasir Budiman Ritonga ; diselia oleh Dr Saadan Man. |
| 264 | 1 | |c 2013. | |
| 264 | 4 | |c 2013. | |
| 300 | |a xiv, 130 [10] leaves : |b illustrations ; |c 30 cm. | ||
| 336 | |a text |2 rdacontent | ||
| 337 | |a unmediated |2 rdamedia | ||
| 338 | |a volume |2 rdacarrier | ||
| 500 | |a AIUM. | ||
| 502 | |b M.Syariah |c Jabatan Fiqh dan Usul, Akademi Pengajian Islam, Universiti Malaya |d 2013. | ||
| 504 | |a Bibliography: leaves 120-130. | ||
| 650 | 0 | |a Flagellation |z Indonesia | |
| 650 | 0 | |a Corporal punishment |x Religious aspects |x Islam | |
| 650 | 0 | |a Criminal law (Islamic law) | |
| 700 | 0 | |a Saadan Man, |e degree supervisor. | |
| 710 | 2 | |a Universiti Malaya. |b Jabatan Fiqh dan Usul, |e degree granting institution. | |
| 856 | 4 | 1 | |u http://studentsrepo.um.edu.my/id/eprint/5071 |
| 900 | |a HH-ZA | ||
| 596 | |a 1 12 18 25 | ||
| 999 | |a BP42 A1 UM 2013 RIT |w LC |c 1 |i A514695726 |l RESERVES |m P18ISLPURI |r Y |s Y |t TESIS |u 14/11/2013 | ||
| 999 | |a BP42 A1 UM 2013 RIT |w LC |c 1 |i A515787874 |d 25/5/2019 |e 25/5/2019 |f 24/2/2014 |g 1 |l STACKS |m P12ISLAMKL |n 7 |r Y |s Y |t TESIS |u 21/2/2014 | ||
| 999 | |a BP42 A1 UM 2013 RIT |w LC |c 1 |i A515870951 |d 30/8/2018 |e 30/8/2018 |f 23/12/2014 |g 1 |l STACKS |m P01UTAMA |n 8 |r Y |s Y |t TESIS |u 23/12/2014 | ||
| 999 | |a BP42 A1 UM 2013 RIT |w LC |c 1 |i A517408614 |f 29/3/2023 |g 1 |l STACKS |m P25UMARCHI |r N |s Y |t CD |u 29/3/2023 |1 AHSS |o .STAFF. MST-CD2120 | ||
